载入...
Unleashing the manager within : timeless tips for terrific results
| LEADER | 00855nam a22001697a 4500 | ||
|---|---|---|---|
| 020 | |a 81-7446-460-3 | ||
| 082 | |a 658.4 |b KHA/U | ||
| 100 | |a M M Khan |9 176895 | ||
| 245 | |a Unleashing the manager within : timeless tips for terrific results | ||
| 260 | |a New Delhi |b Excel Books |c 2006 | ||
| 300 | |a x+158p. | ||
| 650 | |a Self-culture |9 176896 | ||
| 650 | |a Success |9 176897 | ||
| 856 | |u https://books.google.co.in/books?id=nb5NICXpYVIC&pg=PR7&dq=Unleashing+the+manager+within+:+timeless+tips+for+terrific+results&hl=en&sa=X&ved=0CB4Q6wEwAGoVChMIh7iyi8SvxwIVxASOCh0IuAJF#v=onepage&q=Unleashing%20the%20manager%20within%20%3A%20timeless%20tips%20for%20terrific%20results&f=false | ||
| 942 | |c BK | ||
| 999 | |c 190888 |d 190884 | ||
| 952 | |0 0 |1 0 |4 0 |6 658_400000000000000_KHA_U |7 0 |8 NFIC |9 191520 |a SMBS |b SMBS |c GEN |d 2015-08-17 |g 175.00 |l 0 |o 658.4 KHA/U |p SMBS2083 |r 2015-08-17 |w 2015-08-17 |y BK | ||